[Event "Oberliga Bayern 2324"]
[Site "Germany"]
[Date "2023.11.19"]
[Round "2.3"]
[White "Kirchner, Thomas"]
[Black "Pohl Kuemmel, Jens Uwe"]
[Result "1-0"]
[WhiteElo "2258"]
[BlackElo "2222"]
[PlyCount "75"]
[EventDate "2023.10.22"]
[EventType "team-tourn"]
[EventRounds "9"]
[EventCountry "GER"]
[SourceTitle "EXT 2025"]
[Source "ChessBase"]
[SourceDate "2024.10.14"]
[SourceVersion "1"]
[SourceVersionDate "2024.10.14"]
[SourceQuality "1"]
[WhiteTeam "Nuernberg"]
[BlackTeam "Regensburg Post/Sued"]
[WhiteTeamCountry "GER"]
[BlackTeamCountry "GER"]

1. e4 c5 2. Nf3 d6 3. Bc4 Nc6 4. c3 Nf6 5. d3 e6 6. 0-0 Be7 7. Bb3 0-0 8. Re1 Bd7 9. Nbd2 Qc7 10. Nf1 Rac8 11. h3 b5 12. a3 a5 13. Bf4 Ne5 14. d4 Nxf3+ 15. Qxf3 cxd4 16. cxd4 a4 17. Ba2 Qb7 18. Bd2 Rfe8 19. Ng3 h6 20. Rad1 Bc6 21. Bb1 d5 22. e5 Ne4 23. Nxe4 dxe4 24. Qg4 Kf8 25. Re3 Bg5 26. Rg3 g6 27. Bxg5 hxg5 28. Qxg5 Qe7 29. Qh6+ Kg8 30. h4 Qf8 31. Qf4 Qg7 32. h5 Red8 33. Bxe4 Bxe4 34. Qxe4 Kh7 35. Rdd3 Rc4 36. hxg6+ fxg6 37. Qh4+ Qh6 38. Qe7+ 1-0

[Event "Oberliga Bayern 2324"]
[Site "Germany"]
[Date "2023.10.22"]
[Round "1.4"]
[White "Kirchner, Thomas"]
[Black "Bolduan, Sebastian"]
[Result "1/2-1/2"]
[WhiteElo "2258"]
[BlackElo "2156"]
[PlyCount "40"]
[EventDate "2023.10.22"]
[EventType "team-tourn"]
[EventRounds "9"]
[EventCountry "GER"]
[SourceTitle "EXT 2025"]
[Source "ChessBase"]
[SourceDate "2024.10.14"]
[SourceVersion "1"]
[SourceVersionDate "2024.10.14"]
[SourceQuality "1"]
[WhiteTeam "Nuernberg"]
[BlackTeam "Muenchen Tarrasch"]
[WhiteTeamCountry "GER"]
[BlackTeamCountry "GER"]

1. e4 e6 2. d4 d5 3. Bd3 c5 4. exd5 exd5 5. Nf3 Nf6 6. 0-0 c4 7. Be2 Bd6 8. b3 cxb3 9. axb3 0-0 10. c4 Nc6 11. Nc3 Bb4 12. Bb2 Bg4 13. h3 Bh5 14. Ne5 Bxc3 15. Bxc3 Bxe2 16. Qxe2 Qc7 17. Rfd1 a6 18. Qf3 Rad8 19. Rac1 Qb6 20. c5 Qb5 1/2-1/2

[Event "BL2-Ost 2223"]
[Site "Germany"]
[Date "2023.03.18"]
[Round "9.3"]
[White "Kirchner, Thomas"]
[Black "Natsidis, Christoph"]
[Result "1/2-1/2"]
[WhiteElo "2318"]
[BlackElo "2308"]
[PlyCount "73"]
[EventDate "2022.10.22"]
[EventType "team-tourn"]
[EventRounds "10"]
[EventCountry "GER"]
[SourceTitle "EXT 2024"]
[Source "ChessBase"]
[SourceDate "2023.10.10"]
[SourceVersion "1"]
[SourceVersionDate "2023.10.10"]
[SourceQuality "1"]
[WhiteTeam "Nuernberg NT"]
[BlackTeam "Leipzig SG"]
[WhiteTeamCountry "GER"]
[BlackTeamCountry "GER"]

1. e4 c5 2. Nf3 e6 3. d4 cxd4 4. Nxd4 a6 5. c4 Nf6 6. Nc3 Bb4 7. Qd3 d5 8. exd5 exd5 9. Be2 0-0 10. 0-0 Nc6 11. Nxd5 Nxd5 12. Nxc6 bxc6 13. cxd5 Qxd5 14. Qxd5 cxd5 15. Be3 Be6 16. Bd4 Be7 17. Rfd1 Rfb8 18. Rac1 Bf6 19. Bxf6 gxf6 20. b3 a5 21. Rd4 Rb4 22. Rcd1 Rc8 23. Rxb4 axb4 24. Kf1 Rc2 25. Ke1 Rxa2 26. Rd4 Rb2 27. Rxb4 d4 28. Rxd4 Rxb3 29. Bd3 Kg7 30. Kd2 Ra3 31. Rh4 h6 32. Rf4 Ra2+ 33. Ke3 Ra3 34. Kd2 Ra2+ 35. Ke3 Ra3 36. Ke4 Ra4+ 37. Ke3 1/2-1/2

[Event "BL2-Ost 2223"]
[Site "Germany"]
[Date "2023.02.25"]
[Round "7.3"]
[White "Nestorovic, Nikola"]
[Black "Kirchner, Thomas"]
[Result "1-0"]
[WhiteElo "2465"]
[BlackElo "2318"]
[PlyCount "55"]
[EventDate "2022.10.22"]
[EventType "team-tourn"]
[EventRounds "10"]
[EventCountry "GER"]
[SourceTitle "EXT 2024"]
[Source "ChessBase"]
[SourceDate "2023.10.10"]
[SourceVersion "1"]
[SourceVersionDate "2023.10.10"]
[SourceQuality "1"]
[WhiteTeam "Goeggingen"]
[BlackTeam "Nuernberg NT"]
[WhiteTeamCountry "GER"]
[BlackTeamCountry "GER"]

1. e4 e5 2. Nf3 Nc6 3. Bc4 Bc5 4. d4 exd4 5. c3 d3 6. b4 Bb6 7. a4 a6 8. 0-0 d6 9. Bg5 Nf6 10. Bxd3 h6 11. Bh4 Bg4 12. Nbd2 Ne5 13. Be2 Ng6 14. Bg3 Nh5 15. Nc4 Nxg3 16. hxg3 Ba7 17. Ra2 h5 18. Nd4 Qg5 19. Ne3 Bxe2 20. Qxe2 c6 21. Ndf5 Qf6 22. Rd2 Rd8 23. Rfd1 0-0 24. c4 h4 25. Rxd6 Rxd6 26. Rxd6 Qa1+ 27. Rd1 Qxa4 28. Qb2 1-0

[Event "BL2-Ost 2223"]
[Site "Germany"]
[Date "2022.11.26"]
[Round "3.4"]
[White "Kirchner, Thomas"]
[Black "Schreiner, Peter"]
[Result "1/2-1/2"]
[WhiteElo "2318"]
[BlackElo "2393"]
[PlyCount "134"]
[EventDate "2022.10.22"]
[EventType "team-tourn"]
[EventRounds "10"]
[EventCountry "GER"]
[SourceTitle "EXT 2024"]
[Source "ChessBase"]
[SourceDate "2023.10.10"]
[SourceVersion "1"]
[SourceVersionDate "2023.10.10"]
[SourceQuality "1"]
[WhiteTeam "Nuernberg NT"]
[BlackTeam "Passau"]
[WhiteTeamCountry "GER"]
[BlackTeamCountry "GER"]

1. e4 e5 2. Nf3 Nc6 3. Bc4 Nf6 4. d3 Bc5 5. 0-0 a6 6. c3 Ba7 7. Bb3 d6 8. Be3 Bxe3 9. fxe3 Ne7 10. Nbd2 Ng6 11. Qe1 a5 12. a3 c6 13. Kh1 0-0 14. Rb1 b5 15. d4 Qe7 16. Nh4 Nxh4 17. Qxh4 a4 18. Bc2 Be6 19. Rf3 Nd5 20. Qg3 Nb6 21. dxe5 dxe5 22. Qxe5 Rad8 23. Rf2 Rfe8 24. Qg3 Nc4 25. Nxc4 Bxc4 26. Qf3 Rd6 27. Rd1 Red8 28. Rxd6 Rxd6 29. h3 g6 30. Kh2 Kg7 31. Qg3 h5 32. Kg1 Bb3 33. Bxb3 axb3 34. Qf3 Re6 35. e5 Qc7 36. Qf4 Rxe5 37. Qf6+ Kg8 38. Rd2 Re8 39. Rd6 Qa7 40. Rxc6 Qxe3+ 41. Qf2 Qd3 42. Rf6 Re2 43. Qa7 Qd5 44. Rf2 Re1+ 45. Rf1 Re2 46. Rf2 Rc2 47. Qe3 h4 48. Qf4 Qe6 49. Kh2 Qe7 50. Kg1 Qa7 51. Kf1 Qe7 52. Kg1 Kg7 53. Kh2 f6 54. Kg1 g5 55. Qd4 Qe1+ 56. Rf1 Qe6 57. Rf2 Qe1+ 58. Rf1 Qe5 59. Qd7+ Kg6 60. Qd8 Qe6 61. Qd3+ Kg7 62. Rf2 Qe1+ 63. Rf1 Qd2 64. Qf3 Qd6 65. Qb7+ Kg6 66. Qe4+ Kh6 67. Qe8 Rxg2+ 1/2-1/2

[Event "BL2-Ost 2223"]
[Site "Germany"]
[Date "2022.10.22"]
[Round "1.3"]
[White "Kirchner, Thomas"]
[Black "Baidetsky, Valentin"]
[Result "1/2-1/2"]
[WhiteElo "2318"]
[BlackElo "2456"]
[PlyCount "123"]
[EventDate "2022.10.22"]
[EventType "team-tourn"]
[EventRounds "10"]
[EventCountry "GER"]
[SourceTitle "EXT 2024"]
[Source "ChessBase"]
[SourceDate "2023.10.10"]
[SourceVersion "1"]
[SourceVersionDate "2023.10.10"]
[SourceQuality "1"]
[WhiteTeam "Nuernberg NT"]
[BlackTeam "Muenchen Zugzwang"]
[WhiteTeamCountry "GER"]
[BlackTeamCountry "GER"]

1. e4 c6 2. d4 d5 3. exd5 cxd5 4. c4 Nf6 5. Nc3 e6 6. Nf3 Bb4 7. Bd3 dxc4 8. Bxc4 0-0 9. 0-0 b6 10. Bg5 Bb7 11. Qe2 h6 12. Bh4 Bxc3 13. bxc3 Nbd7 14. Rac1 Qc7 15. Bg3 Qc6 16. Ba6 Rac8 17. Bxb7 Qxb7 18. c4 Rc6 19. Rc2 Rfc8 20. Rfc1 Qa6 21. h3 Qa4 22. Bf4 Nd5 23. Bd2 b5 24. c5 Rb8 25. Rb2 a6 26. Rcb1 Re8 27. Rc1 e5 28. Nxe5 Nxe5 29. dxe5 Qd4 30. Rbc2 Rxe5 31. Qf3 Qe4 32. Qxe4 Rxe4 33. f3 Re8 34. Kf2 f6 35. Rd1 Nc7 36. Be3 Ne6 37. f4 Rec8 38. Rd5 b4 39. f5 Nc7 40. Rd7 Nb5 41. Rcd2 Nc3 42. Kf3 R6c7 43. R7d6 a5 44. Ra6 Na4 45. Rxa5 Nxc5 46. Rb5 Nd7 47. Rxb4 Ne5+ 48. Kf2 Rc2 49. Rbd4 Rxd2+ 50. Rxd2 Ra8 51. Bc5 Ra4 52. g3 h5 53. Kg2 Kh7 54. Bf2 g6 55. fxg6+ Kxg6 56. Bd4 Nc6 57. Bc3 Ra3 58. Rc2 Ra4 59. Rf2 Ne5 60. Re2 Kf5 61. Rf2+ Kg6 62. Kh2 1/2-1/2

[Event "Oberliga Bayern 2122"]
[Site "Bayern"]
[Date "2022.05.08"]
[Round "8.6"]
[White "Huch, Reiner"]
[Black "Kirchner, Thomas"]
[Result "1/2-1/2"]
[WhiteElo "2251"]
[BlackElo "2295"]
[PlyCount "54"]
[EventDate "2021.10.24"]
[EventType "team-tourn"]
[EventRounds "9"]
[EventCountry "GER"]
[SourceTitle "EXT 2024"]
[Source "ChessBase"]
[SourceDate "2023.10.10"]
[SourceVersion "1"]
[SourceVersionDate "2023.10.10"]
[SourceQuality "1"]
[WhiteTeam "Trostberg"]
[BlackTeam "Nuernberg NT"]
[WhiteTeamCountry "GER"]
[BlackTeamCountry "GER"]

1. d4 Nf6 2. c4 e6 3. Nf3 d5 4. Nc3 Be7 5. Bf4 c6 6. e3 0-0 7. h3 Nbd7 8. Qc2 Qa5 9. Nd2 Re8 10. Be2 Nf8 11. 0-0 Ng6 12. Bg3 Bd7 13. Rfd1 Rac8 14. a3 Ra8 15. b4 Qd8 16. Qb3 dxc4 17. Nxc4 a6 18. e4 b5 19. Nd6 Bxd6 20. Bxd6 Bc8 21. Bg3 Bb7 22. Bf3 Qb6 23. Be5 Nd7 24. Bd6 e5 25. Bc5 Qc7 26. Rac1 Nxc5 27. dxc5 Rad8 1/2-1/2

[Event "Oberliga Bayern 2122"]
[Site "Bayern"]
[Date "2021.10.24"]
[Round "1.5"]
[White "Kirchner, Thomas"]
[Black "Strobel, Christian"]
[Result "1-0"]
[WhiteElo "2295"]
[BlackElo "2008"]
[PlyCount "135"]
[EventDate "2021.10.24"]
[EventType "team-tourn"]
[EventRounds "9"]
[EventCountry "GER"]
[SourceTitle "EXT 2023"]
[Source "ChessBase"]
[SourceDate "2022.10.05"]
[SourceVersion "1"]
[SourceVersionDate "2022.10.05"]
[SourceQuality "1"]
[WhiteTeam "Nuernberg NT"]
[BlackTeam "Kareth Lappersdorf"]
[WhiteTeamCountry "GER"]
[BlackTeamCountry "GER"]

1. e4 e6 2. d4 d5 3. Bd3 c5 4. c3 Nc6 5. Ne2 cxd4 6. cxd4 Nb4 7. Bb5+ Bd7 8. Bxd7+ Qxd7 9. a3 Nc6 10. e5 Nge7 11. Nbc3 Nf5 12. 0-0 Be7 13. Qd3 Qc7 14. Nxd5 Qd7 15. Nxe7 Kxe7 16. Bg5+ f6 17. exf6+ gxf6 18. Be3 Kf7 19. Rad1 Nce7 20. Qe4 Qd5 21. Nc3 Qxe4 22. Nxe4 Nd5 23. Rd3 Rad8 24. Rfd1 Rhg8 25. Bc1 b6 26. Kf1 Nfe7 27. Re1 Nf5 28. Red1 Nfe7 29. Rh3 Rg7 30. Bh6 Rg6 31. Bd2 Rg7 32. Rf3 Nf5 33. Bc3 Nh4 34. Rg3 Nf5 35. Rxg7+ Kxg7 36. Rd3 h5 37. g3 Kf7 38. Ke2 Rg8 39. Be1 h4 40. Bd2 hxg3 41. hxg3 Rg4 42. Kf3 Rg8 43. Bf4 Nxf4 44. Kxf4 Nxd4 45. Ke3 e5 46. Rc3 a5 47. Rc7+ Ke6 48. Rb7 f5 49. Rxb6+ Ke7 50. Nd6 Rg4 51. Nc4 Nc2+ 52. Kd3 Ne1+ 53. Kc3 Re4 54. Nd6 Re2 55. Nxf5+ Kd7 56. Rd6+ Kc7 57. Rd2 Re4 58. Nd6 Rg4 59. Nc4 Nf3 60. Re2 e4 61. Nxa5 Ng1 62. Rc2 Kb6 63. Nc4+ Kb5 64. Ne3 Rg8 65. Kd4 Re8 66. Rc5+ Ka4 67. Kc4 Nf3 68. Kc3 1-0

[Event "BL2-Ost 1920"]
[Site "Germany"]
[Date "2021.08.07"]
[Round "9.5"]
[White "Kirchner, Thomas"]
[Black "Schnider, Gert"]
[Result "1/2-1/2"]
[WhiteElo "2311"]
[BlackElo "2428"]
[PlyCount "51"]
[EventDate "2019.10.19"]
[EventType "team-tourn"]
[EventRounds "11"]
[EventCountry "GER"]
[SourceTitle "EXT 2023"]
[Source "ChessBase"]
[SourceDate "2022.10.05"]
[SourceVersion "1"]
[SourceVersionDate "2022.10.05"]
[SourceQuality "1"]
[WhiteTeam "Nuernberg NT"]
[BlackTeam "Muenchen SC"]
[WhiteTeamCountry "GER"]
[BlackTeamCountry "GER"]

1. e4 e5 2. Nf3 Nc6 3. Bc4 Bc5 4. c3 Nf6 5. d3 d6 6. Bb3 a6 7. 0-0 Ba7 8. Be3 0-0 9. Nbd2 h6 10. Re1 Bxe3 11. fxe3 Ne7 12. Nf1 Ng6 13. Ng3 Re8 14. Qd2 Be6 15. Bc2 c6 16. d4 Qb6 17. b3 Rad8 18. Kh1 Bc8 19. Rad1 Qa5 20. Rf1 Qc7 21. Rde1 b5 22. Qf2 Qa5 23. Qd2 Qc7 24. Qf2 Qa5 25. Qd2 Qc7 26. Qf2 1/2-1/2

[Event "BL2-Ost 1920"]
[Site "Germany"]
[Date "2020.02.09"]
[Round "8.6"]
[White "Singer, Christoph"]
[Black "Kirchner, Thomas"]
[Result "1/2-1/2"]
[WhiteElo "2339"]
[BlackElo "2311"]
[PlyCount "73"]
[EventDate "2019.10.19"]
[EventType "team-tourn"]
[EventRounds "11"]
[EventCountry "GER"]
[SourceTitle "CBM 194 Extra"]
[Source "ChessBase"]
[SourceDate "2020.03.31"]
[SourceVersion "1"]
[SourceVersionDate "2020.03.31"]
[SourceQuality "1"]
[WhiteTeam "Bayern Muenchen II"]
[BlackTeam "Nuernberg NT"]
[WhiteTeamCountry "GER"]
[BlackTeamCountry "GER"]

1. e4 e5 2. Nf3 Nc6 3. Bc4 Bc5 4. d3 Nf6 5. 0-0 d6 6. c3 0-0 7. h3 h6 8. Re1 a6 9. Bb3 Ba7 10. Nbd2 Ne7 11. Nf1 Ng6 12. Ng3 c6 13. d4 Qc7 14. Be3 Be6 15. Bc2 b5 16. Qd2 Kh7 17. Nf5 Ng8 18. a4 Rfd8 19. h4 f6 20. h5 Bxf5 21. exf5 N6e7 22. Qe2 Nd5 23. Bd2 Qf7 24. b3 Re8 25. dxe5 dxe5 26. Nh4 Rad8 27. Ng6 Bb6 28. axb5 axb5 29. b4 Nf4 30. Bxf4 exf4 31. Qe6 Rxe6 32. fxe6 Qc7 33. Nf8+ Kh8 34. Ng6+ Kh7 35. Nf8+ Kh8 36. Ng6+ Kh7 37. Nf8+ 1/2-1/2

[Event "GER-ch blitz"]
[Site "Magdeburg"]
[Date "2019.05.25"]
[Round "28"]
[White "Hebbinghaus, Holger"]
[Black "Kirchner, Thomas"]
[Result "0-1"]
[WhiteElo "2310"]
[BlackElo "2311"]
[PlyCount "82"]
[EventDate "2019.05.25"]
[EventType "tourn (blitz)"]
[EventRounds "29"]
[EventCountry "GER"]
[SourceTitle "CBM 190 Extra"]
[Source "ChessBase"]
[SourceDate "2019.07.15"]
[SourceVersion "1"]
[SourceVersionDate "2019.07.15"]
[SourceQuality "1"]

1. e4 e5 2. Nf3 Nc6 3. Nc3 Nf6 4. d4 exd4 5. Nxd4 Bb4 6. Nxc6 bxc6 7. Bd3 d5 8. exd5 cxd5 9. 0-0 0-0 10. h3 c6 11. Qf3 h6 12. Bf4 Bd6 13. Ne2 Rb8 14. b3 a5 15. Nd4 Bxf4 16. Qxf4 Bd7 17. Rfe1 c5 18. Nf5 Bxf5 19. Qxf5 Qc8 20. Re7 c4 21. Qxc8 Rfxc8 22. Bf1 Kf8 23. Ra7 Rc5 24. Re1 Re8 25. Rxe8+ Kxe8 26. a3 Ne4 27. b4 axb4 28. axb4 Rb5 29. Ra5 Rxa5 30. bxa5 Kd7 31. f3 Ng3 32. Kf2 Nxf1 33. Kxf1 Kc6 34. Ke2 d4 35. f4 Kb5 36. Kf3 Kxa5 37. Ke4 d3 38. cxd3 c3 39. Ke3 Kb4 40. d4 Kb3 41. d5 c2 0-1

[Event "GER-ch blitz"]
[Site "Magdeburg"]
[Date "2019.05.25"]
[Round "21"]
[White "Kirchner, Thomas"]
[Black "Heidrich, Manfred"]
[Result "1/2-1/2"]
[WhiteElo "2311"]
[BlackElo "2351"]
[PlyCount "29"]
[EventDate "2019.05.25"]
[EventType "tourn (blitz)"]
[EventRounds "29"]
[EventCountry "GER"]
[SourceTitle "CBM 190 Extra"]
[Source "ChessBase"]
[SourceDate "2019.07.15"]
[SourceVersion "1"]
[SourceVersionDate "2019.07.15"]
[SourceQuality "1"]

1. e4 c5 2. Nf3 Nc6 3. Bc4 e6 4. 0-0 d5 5. exd5 exd5 6. Bb5 Be7 7. d4 Nf6 8. h3 0-0 9. c3 a6 10. Ba4 Bf5 11. Re1 Re8 12. Bf4 Ne4 13. Nbd2 Bf8 14. Nxe4 dxe4 15. Ne5 1/2-1/2

[Event "GER-ch blitz"]
[Site "Magdeburg"]
[Date "2019.05.25"]
[Round "2"]
[White "Kirchner, Thomas"]
[Black "Hirneise, Jens"]
[Result "1/2-1/2"]
[WhiteElo "2311"]
[BlackElo "2375"]
[PlyCount "111"]
[EventDate "2019.05.25"]
[EventType "tourn (blitz)"]
[EventRounds "29"]
[EventCountry "GER"]
[SourceTitle "CBM 190 Extra"]
[Source "ChessBase"]
[SourceDate "2019.07.15"]
[SourceVersion "1"]
[SourceVersionDate "2019.07.15"]
[SourceQuality "1"]

1. e4 c5 2. Nf3 d6 3. Bc4 Nc6 4. c3 Nf6 5. d3 g6 6. 0-0 Bg7 7. Bb3 0-0 8. h3 a6 9. Re1 e5 10. Nbd2 h6 11. Nf1 Be6 12. Ng3 Qd7 13. Bc2 b5 14. Be3 b4 15. d4 bxc3 16. bxc3 cxd4 17. cxd4 exd4 18. Nxd4 Nxd4 19. Bxd4 d5 20. Ba4 Qd8 21. Bc5 Nxe4 22. Nxe4 dxe4 23. Bxf8 Bxa1 24. Qxa1 Qxf8 25. Rxe4 Rb8 26. Re3 Qd6 27. Bb3 Bxb3 28. axb3 Rd8 29. Re1 Kh7 30. Qc1 Qd2 31. Qa1 Qd6 32. Rb1 Rb8 33. Qa4 Rb7 34. Qc4 Ra7 35. Rc1 Re7 36. b4 Qf6 37. Rd1 Kg7 38. g3 Rb7 39. h4 h5 40. Rc1 Qb6 41. Qc3+ Qf6 42. Qd2 Qb6 43. Rc4 Qf6 44. Rf4 Qe5 45. Kh2 Rc7 46. Qd3 Qe6 47. Qd4+ Kh7 48. Re4 Qd7 49. Qf6 Rc6 50. Qf4 Qc7 51. Qf3 Kg7 52. Re8 Rf6 53. Qe3 Qb6 54. Kg2 Qxe3 55. Rxe3 Rb6 56. Re4 1/2-1/2

[Event "GER-ch blitz"]
[Site "Magdeburg"]
[Date "2019.05.25"]
[Round "25"]
[White "Kirchner, Thomas"]
[Black "Wichmann, Cliff"]
[Result "0-1"]
[WhiteElo "2311"]
[BlackElo "2280"]
[PlyCount "80"]
[EventDate "2019.05.25"]
[EventType "tourn (blitz)"]
[EventRounds "29"]
[EventCountry "GER"]
[SourceTitle "CBM 190 Extra"]
[Source "ChessBase"]
[SourceDate "2019.07.15"]
[SourceVersion "1"]
[SourceVersionDate "2019.07.15"]
[SourceQuality "1"]

1. e4 e6 2. d4 d5 3. Bd3 dxe4 4. Bxe4 Nf6 5. Bf3 Nbd7 6. Ne2 Bd6 7. 0-0 e5 8. Nbc3 0-0 9. g3 Re8 10. Bg2 h6 11. Re1 c6 12. Be3 Qc7 13. h3 b6 14. Nb5 cxb5 15. Bxa8 e4 16. Nc3 Ba6 17. Nd5 Nxd5 18. Bxd5 Nf6 19. Bb3 Bxg3 20. Qe2 Bd6 21. c3 Qd7 22. Qf1 b4 23. Qg2 Kh8 24. cxb4 Bxb4 25. Rec1 Bd6 26. Bc4 Bc8 27. Bf1 Nd5 28. a3 Bf4 29. Re1 Qf5 30. Rac1 Bd7 31. Bc4 Bb8 32. Be2 Qe6 33. Bc4 Qd6 34. Bd2 f5 35. Bxd5 Qxd5 36. Bb4 f4 37. Qg6 Re6 38. Qf7 Kh7 39. f3 Rg6+ 40. Kf2 Qxf7 0-1

[Event "GER-ch blitz"]
[Site "Magdeburg"]
[Date "2019.05.25"]
[Round "18"]
[White "Stein, Robert"]
[Black "Kirchner, Thomas"]
[Result "1-0"]
[WhiteElo "2318"]
[BlackElo "2311"]
[PlyCount "95"]
[EventDate "2019.05.25"]
[EventType "tourn (blitz)"]
[EventRounds "29"]
[EventCountry "GER"]
[SourceTitle "CBM 190 Extra"]
[Source "ChessBase"]
[SourceDate "2019.07.15"]
[SourceVersion "1"]
[SourceVersionDate "2019.07.15"]
[SourceQuality "1"]

1. d4 Nf6 2. c4 e5 3. dxe5 Ng4 4. Bf4 g5 5. Bd2 Bg7 6. Bc3 Nxe5 7. e3 Qe7 8. Nd2 Nbc6 9. Rc1 d6 10. Ngf3 0-0 11. Be2 f5 12. 0-0 Be6 13. b3 Rae8 14. Nd4 Bd7 15. Nxc6 Bxc6 16. Nf3 Ng6 17. Bxg7 Kxg7 18. Nd4 Bd7 19. Bf3 c6 20. Bh5 Qf6 21. Qd2 Rd8 22. Rcd1 Bc8 23. Qa5 a6 24. Ne2 Ne5 25. f4 gxf4 26. exf4 Ng6 27. Bxg6 hxg6 28. Nd4 Rde8 29. Nf3 Re7 30. Qd2 Rd8 31. Rfe1 Rxe1+ 32. Rxe1 Be6 33. Re3 Bf7 34. Ng5 Rd7 35. Rh3 Bg8 36. Rd3 d5 37. Nf3 Re7 38. Ne5 Qd6 39. Qf2 Qf6 40. h4 dxc4 41. bxc4 b5 42. Rg3 Bf7 43. h5 Rxe5 44. fxe5 Qxe5 45. hxg6 Bxc4 46. Qa7+ Kf6 47. Re3 Qc5 48. Qxc5 1-0

[Event "BL2-Ost 1819"]
[Site "Germany"]
[Date "2019.03.24"]
[Round "10.5"]
[White "Weiss, Christian"]
[Black "Kirchner, Thomas"]
[Result "1-0"]
[WhiteElo "2377"]
[BlackElo "2337"]
[PlyCount "117"]
[EventDate "2018.11.10"]
[EventType "team-tourn"]
[EventRounds "10"]
[EventCountry "GER"]
[SourceTitle "CBM 190 Extra"]
[Source "ChessBase"]
[SourceDate "2019.07.15"]
[SourceVersion "1"]
[SourceVersionDate "2019.07.15"]
[SourceQuality "1"]
[WhiteTeam "Passau"]
[BlackTeam "Nuernberg NT"]
[WhiteTeamCountry "GER"]
[BlackTeamCountry "GER"]

1. b3 Nf6 2. Bb2 e6 3. e3 Be7 4. f4 d5 5. Nf3 c5 6. Be2 Nc6 7. 0-0 0-0 8. Qe1 Nd7 9. c4 Bf6 10. Nc3 Nb6 11. Qb1 Bd7 12. Kh1 Rc8 13. d3 a6 14. e4 d4 15. Nd1 Be7 16. Nf2 f5 17. Bc1 a5 18. Bd2 Na8 19. g4 Nc7 20. Rg1 g6 21. Rg3 Ne8 22. gxf5 exf5 23. e5 Ng7 24. Nh3 Ne6 25. Qg1 Kf7 26. Ne1 Nb8 27. Bf3 Bc6 28. Bxc6 Rxc6 29. Nf3 Ra6 30. Qg2 Qd7 31. Rg1 Rg8 32. a4 Nc6 33. Rb1 Nb4 34. Bxb4 axb4 35. Kg1 Qc6 36. Kf2 Bd8 37. Rg1 Rg7 38. Ke2 Rg8 39. Kd2 Rg7 40. Qf2 Be7 41. Nfg5+ Bxg5 42. Nxg5+ Nxg5 43. Rxg5 Ra8 44. Qh4 Rag8 45. Qh3 Qe6 46. Qg2 Rb8 47. h4 Rgg8 48. h5 b6 49. Kc2 Rbe8 50. Qh1 Rh8 51. R1g3 Rb8 52. Rh3 Rhg8 53. hxg6+ hxg6 54. Rh6 Rbe8 55. Kd2 Rg7 56. Ke2 Qf6 57. Qd5+ Qe6 58. Rxf5+ gxf5 59. Rf6+ 1-0

[Event "BL2-Ost 1819"]
[Site "Germany"]
[Date "2018.12.16"]
[Round "4.5"]
[White "Krensing, Jan"]
[Black "Kirchner, Thomas"]
[Result "1-0"]
[WhiteElo "2356"]
[BlackElo "2337"]
[PlyCount "55"]
[EventDate "2018.11.10"]
[EventType "team-tourn"]
[EventRounds "10"]
[EventCountry "GER"]
[SourceTitle "CBM 190 Extra"]
[Source "ChessBase"]
[SourceDate "2019.07.15"]
[SourceVersion "1"]
[SourceVersionDate "2019.07.15"]
[SourceQuality "1"]
[WhiteTeam "Bindlach"]
[BlackTeam "Nuernberg NT"]
[WhiteTeamCountry "GER"]
[BlackTeamCountry "GER"]

1. d4 Nf6 2. c4 d6 3. Nf3 g6 4. g3 Bg7 5. Bg2 0-0 6. 0-0 Nc6 7. Nc3 a6 8. b3 Rb8 9. Nd5 b5 10. Nxf6+ Bxf6 11. Bh6 Re8 12. Rc1 bxc4 13. Rxc4 Bd7 14. Qd2 e5 15. dxe5 Nxe5 16. Nxe5 Rxe5 17. Rfc1 Bb5 18. Rxc7 Rxe2 19. Qf4 Re5 20. h4 Rf5 21. Qd2 Be8 22. Bh3 Re5 23. Bf4 Kg7 24. Bxe5 Bxe5 25. Rc8 Rxc8 26. Rxc8 Qe7 27. Qe3 Bb5 28. a4 1-0

[Event "BL2-Ost 1718"]
[Site "Germany"]
[Date "2017.12.10"]
[Round "6.5"]
[White "Kirchner, Thomas"]
[Black "Ott, Florian"]
[Result "1-0"]
[WhiteElo "2345"]
[BlackElo "2345"]
[PlyCount "95"]
[EventDate "2017.10.21"]
[EventType "team-tourn"]
[EventRounds "10"]
[EventCountry "GER"]
[SourceTitle "CBM 183 Extra"]
[Source "ChessBase"]
[SourceDate "2018.04.19"]
[SourceVersion "1"]
[SourceVersionDate "2018.04.19"]
[SourceQuality "1"]
[WhiteTeam "Nuernberg NT"]
[BlackTeam "Erlangen"]
[WhiteTeamCountry "GER"]
[BlackTeamCountry "GER"]

1. e4 c5 2. Nf3 d6 3. Bc4 a6 4. d3 Nf6 5. Bb3 Nc6 6. c3 e6 7. 0-0 Be7 8. Re1 d5 9. e5 Nd7 10. d4 b5 11. Be3 a5 12. Nbd2 cxd4 13. Nxd4 Ncxe5 14. Bf4 Nd3 15. Bxd5 Ra6 16. Qf3 Nxe1 17. Rxe1 exd5 18. Nf5 0-0 19. Qg3 Bf6 20. Bc7 Be5 21. Rxe5 Qf6 22. Nf3 Re6 23. Rxd5 Bb7 24. Rxb5 Bxf3 25. gxf3 a4 26. Kg2 a3 27. bxa3 Rc8 28. Rd5 Qg6 29. Ba5 Nf6 30. Rb5 Nh5 31. Qxg6 hxg6 32. Ne3 Rd6 33. c4 Nf4+ 34. Kf1 Ne6 35. Bb4 Rd4 36. a4 f5 37. c5 f4 38. Ng4 Rc4 39. Ne5 Rc1+ 40. Kg2 Kh7 41. a5 Rd8 42. c6 Rdd1 43. Kh3 Rg1 44. Be7 g5 45. a6 Rc2 46. a3 Nd4 47. a7 Rxf2 48. Rb3 1-0